Central Library OPAC University of Rajshahi
Normal view MARC view

Entry Personal Name

Number of records used in: 2

001 - CONTROL NUMBER

  • control field: 13700

003 - CONTROL NUMBER IDENTIFIER

  • control field: BD-RjUL

005 - DATE AND TIME OF LATEST TRANSACTION

  • control field: 20241003130816.0

008 - FIXED-LENGTH DATA ELEMENTS

  • fixed length control field: 241003|| aca||aabn | a|a d

040 ## - CATALOGING SOURCE

  • Original cataloging agency: BD-RjUL
  • Transcribing agency: BD-RjUL

100 ## - HEADING--PERSONAL NAME

  • Personal name: مخلص, الرحمن محمد ;; Mukhlesur Rahman, Muhammad

670 ## - SOURCE DATA FOUND

  • Source citation: Work cat.: (BD-RjUL)84074: مخلص, الرحمن محمد ;; Mukhlesur Rahman, Muhammad, أبو الحسن الأشعري : أثاره في علم الكلام : , 2002